000
00353nam a2200157Ia 4500
008
221030s9999 xx 000 0 und d
020
_a
8181283090
041
_a
English
082
_a
105.23
100
_a
B. Bollobas
245
0
_a
Modern Graph Theory
260
_b
Springer
_a
New Delhi
_c
2005
300
_a
394
650
_a
BE Computer
942
_c
BK
999
_c
5633
_d
5633